[Event "Monarch Assurance Isle of Man 14th"]
[Site "Port Erin IOM"]
[Date "2005.10.01"]
[Round "8.27"]
[White "Sareen, Vishal"]
[Black "Fraser-Mitchell, Jeremy"]
[Result "1-0"]
[WhiteElo "2385"]
[BlackElo "2098"]
[PlyCount "75"]
[EventDate "2005.09.24"]
[EventType "swiss"]
[EventRounds "9"]
[EventCountry "IOM"]

1. e4 e6 2. d4 d5 3. Nc3 Bb4 4. e5 c5 5. a3 Bxc3+ 6. bxc3 Qc7 7. Qg4 f5 8. Qg3
cxd4 9. cxd4 Ne7 10. Bd2 O-O 11. Bd3 b6 12. Ne2 Ba6 13. Nf4 Qd7 14. Bb4 Rc8 15.
h4 Bxd3 16. Qxd3 Rc4 17. Bd2 Nbc6 18. c3 Rc8 19. Rh3 Na5 20. Rb1 Ra4 21. Bc1
Nc4 22. Rb3 Nc6 23. Rg3 Qf7 24. Qd1 Ne7 25. Nh5 Ng6 26. Bg5 Na5 27. Rxb6 Rxa3
28. Rb5 Qd7 29. Rb1 Raxc3 30. Rxc3 Rxc3 31. Bd2 Ra3 32. Qc1 Nc4 33. Rb8+ Kf7
34. Bb4 Ra6 35. Qg5 Nd6 36. Bxd6 Rxd6 37. exd6 Qxd6 38. Qd8 1-0

[Event "Monarch Assurance Isle of Man 14th"]
[Site "Port Erin IOM"]
[Date "2005.10.01"]
[Round "8.28"]
[White "Vitoux, Colomban"]
[Black "Peek, Marcel"]
[Result "0-1"]
[WhiteElo "2264"]
[BlackElo "2373"]
[PlyCount "82"]
[EventDate "2005.09.24"]
[EventType "swiss"]
[EventRounds "9"]
[EventCountry "IOM"]

1. e4 e6 2. d4 d5 3. Nc3 Bb4 4. e5 c5 5. dxc5 Ne7 6. Nf3 Nbc6 7. Bd3 Bxc5 8.
O-O Bd7 9. a3 a6 10. b4 Ba7 11. b5 axb5 12. Nxb5 Bb8 13. Bg5 h6 14. Bh4 Qa5 15.
Rb1 O-O 16. Re1 Ng6 17. Bg3 Qd8 18. h4 f5 19. h5 Nh8 20. c4 Be8 21. Nfd4 Qe7
22. cxd5 exd5 23. Nxf5 Qg5 24. Nfd6 Bxh5 25. Qb3 Ne7 26. f4 Rxf4 27. Bxf4 Qxf4
28. Rb2 Bg6 29. Rf2 Qg5 30. Nd4 Ba7 31. Qxb7 Bxd4 32. Qxa8+ Kh7 33. Bxg6+ Nhxg6
34. Kf1 Bxf2 35. Kxf2 Nxe5 36. Qa6 Qf4+ 37. Ke2 Qg4+ 38. Kf2 Qd4+ 39. Kf1 Ng4
40. Re2 Qf4+ 41. Kg1 Qc1+ 0-1

[Event "Monarch Assurance Isle of Man 14th"]
[Site "Port Erin IOM"]
[Date "2005.10.01"]
[Round "8.29"]
[White "Hanley, Craig A"]
[Black "Smith, Andrew P"]
[Result "1-0"]
[WhiteElo "2367"]
[BlackElo "2204"]
[PlyCount "69"]
[EventDate "2005.09.24"]
[EventType "swiss"]
[EventRounds "9"]
[EventCountry "IOM"]

1. e4 c5 2. Nf3 Nc6 3. d4 cxd4 4. Nxd4 Qb6 5. Nb5 a6 6. Be3 Qd8 7. N5c3 e6 8.
f4 d6 9. Nd2 Nf6 10. Nc4 b5 11. Nb6 Rb8 12. Nxc8 Rxc8 13. Bd3 Be7 14. a4 b4 15.
Ne2 a5 16. Ba6 Nxe4 17. Bxc8 Qxc8 18. Qd3 Nf6 19. O-O O-O 20. Kh1 d5 21. c3
bxc3 22. bxc3 Ne4 23. Rab1 Nd6 24. Bc5 Nc4 25. Bxe7 Nxe7 26. Nd4 Qd7 27. f5 e5
28. f6 gxf6 29. Nf5 Nxf5 30. Rxf5 Nd6 31. Qg3+ Kh8 32. Rh5 Rg8 33. Qh4 Rg7 34.
Qxf6 Qg4 35. Rg5 1-0

[Event "Monarch Assurance Isle of Man 14th"]
[Site "Port Erin IOM"]
[Date "2005.10.01"]
[Round "8.30"]
[White "Henrichsen, Jens"]
[Black "Peric, Slavisa"]
[Result "1/2-1/2"]
[WhiteElo "2075"]
[BlackElo "2280"]
[PlyCount "46"]
[EventDate "2005.09.24"]
[EventType "swiss"]
[EventRounds "9"]
[EventCountry "IOM"]

1. d4 d5 2. c4 c6 3. Nf3 Nf6 4. Nc3 a6 5. cxd5 cxd5 6. Bg5 Ne4 7. Bf4 Nc6 8. e3
e6 9. Bd3 Bb4 10. Qb3 Nf6 11. h3 O-O 12. O-O Bd6 13. Bxd6 Qxd6 14. Rad1 b5 15.
e4 dxe4 16. Nxe4 Nxe4 17. Bxe4 Bb7 18. Qe3 f5 19. Bc2 Nb4 20. Bb3 Bd5 21. Bxd5
exd5 22. Qb3 Nc6 23. Ne5 Na5 1/2-1/2

[Event "Monarch Assurance Isle of Man 14th"]
[Site "Port Erin IOM"]
[Date "2005.10.01"]
[Round "8.31"]
[White "Goodger, Martyn"]
[Black "Duhayon, Yves"]
[Result "1/2-1/2"]
[WhiteElo "2162"]
[BlackElo "2230"]
[PlyCount "121"]
[EventDate "2005.09.24"]
[EventType "swiss"]
[EventRounds "9"]
[EventCountry "IOM"]

1. e4 e5 2. Nf3 Nc6 3. d4 exd4 4. Nxd4 Bb4+ 5. c3 Be7 6. Bc4 Nf6 7. Nxc6 bxc6
8. e5 Nd5 9. O-O Nb6 10. Bd3 d5 11. exd6 Bxd6 12. Re1+ Be6 13. Qh5 g6 14. Bxg6
fxg6 15. Qg4 O-O 16. Qxe6+ Rf7 17. Be3 Nd5 18. Na3 Qf8 19. Nc4 Re8 20. Qh3 Nxe3
21. Nxd6 Qxd6 22. Rxe3 Ref8 23. Re2 Rf5 24. Qg3 Qc5 25. Rd1 Qc4 26. Red2 Qxa2
27. Qxc7 Qa4 28. Qd7 R8f7 29. Qd8+ Kg7 30. f3 c5 31. Rd7 h5 32. Rxf7+ Rxf7 33.
Qd5 h4 34. Qe5+ Kh7 35. Re1 h3 36. Qe6 Qd7 37. Qxh3+ Qxh3 38. gxh3 Rxf3 39.
Re7+ Kh6 40. Rxa7 Rd3 41. Rc7 Rd2 42. Rxc5 Rxb2 43. h4 Rc2 44. h3 Kg7 45. Rc6
Kh6 46. Rc7 Rd2 47. c4 Rd4 48. Rc8 Kg7 49. Kf2 Rxh4 50. Kg3 Rd4 51. h4 Kf6 52.
c5 Kg7 53. c6 Rc4 54. c7 Rc1 55. Kf4 Rc5 56. Ke4 Rc1 57. Kd3 Rc6 58. Kd4 Rc1
59. Kd5 Rd1+ 60. Ke6 Re1+ 61. Kd5 1/2-1/2

[Event "Monarch Assurance Isle of Man 14th"]
[Site "Port Erin IOM"]
[Date "2005.10.01"]
[Round "8.32"]
[White "Mirzoeva, Elmira"]
[Black "Dunn, Andrew"]
[Result "1-0"]
[WhiteElo "2223"]
[BlackElo "2197"]
[PlyCount "67"]
[EventDate "2005.09.24"]
[EventType "swiss"]
[EventRounds "9"]
[EventCountry "IOM"]

1. e4 c6 2. d3 d5 3. Nd2 e5 4. Ngf3 Bd6 5. g3 Nf6 6. Bg2 O-O 7. O-O Re8 8. Re1
Nbd7 9. Nf1 a5 10. N3d2 Nc5 11. Ne3 Be6 12. a4 Qd7 13. b3 Rad8 14. Bb2 Bc7 15.
Qe2 dxe4 16. Nxe4 Nfxe4 17. dxe4 f6 18. Rad1 Qf7 19. Nf5 Bxf5 20. exf5 Rxd1 21.
Rxd1 Rd8 22. Bf1 Rxd1 23. Qxd1 Qe8 24. Bc4+ Kh8 25. Qe2 Bb6 26. Kg2 Nd7 27. Bc3
e4 28. Be6 Nc5 29. Bd4 Qd8 30. Bxc5 Bxc5 31. Qxe4 Qd2 32. Qf3 Qxc2 33. Qh5
Qxf2+ 34. Kh3 1-0

[Event "Monarch Assurance Isle of Man 14th"]
[Site "Port Erin IOM"]
[Date "2005.10.01"]
[Round "8.33"]
[White "Spence, David J"]
[Black "De Lagontrie, Jean"]
[Result "1-0"]
[WhiteElo "2218"]
[BlackElo "1988"]
[PlyCount "63"]
[EventDate "2005.09.24"]
[EventType "swiss"]
[EventRounds "9"]
[EventCountry "IOM"]

1. e4 c5 2. c3 d5 3. exd5 Qxd5 4. d4 Nf6 5. Nf3 Bg4 6. dxc5 Qxd1+ 7. Kxd1 e6 8.
b4 Nc6 9. Bb5 Be7 10. Nbd2 Rd8 11. Kc2 O-O 12. Bxc6 bxc6 13. Nd4 Rc8 14. Nc4
Nd5 15. Ne5 Bf5+ 16. Kb3 Bf6 17. Ndxc6 Rc7 18. c4 Nxb4 19. Kxb4 Rxc6 20. Nxc6
Bxa1 21. Ne7+ Kh8 22. Bf4 Bf6 23. Nxf5 exf5 24. Re1 g5 25. Be5 Kg7 26. Bxf6+
Kxf6 27. c6 Rc8 28. Kc5 h5 29. Kd6 Rd8+ 30. Kc7 Rd2 31. Kb8 Rxa2 32. c7 1-0

[Event "Monarch Assurance Isle of Man 14th"]
[Site "Port Erin IOM"]
[Date "2005.10.01"]
[Round "8.34"]
[White "Lohou, Stephane"]
[Black "Allen, Keith"]
[Result "1-0"]
[WhiteElo "2144"]
[BlackElo "2210"]
[PlyCount "143"]
[EventDate "2005.09.24"]
[EventType "swiss"]
[EventRounds "9"]
[EventCountry "IOM"]

1. e4 c5 2. Nf3 d6 3. d4 cxd4 4. Nxd4 Nf6 5. Nc3 Nc6 6. Bg5 e6 7. f4 Be7 8. Qd2
a6 9. O-O-O Qb6 10. Bxf6 gxf6 11. Nb3 Bd7 12. Be2 h5 13. Kb1 O-O-O 14. Bf3 Kb8
15. h4 a5 16. Qe2 Nb4 17. a3 a4 18. Nd4 Na6 19. Ka2 Qc5 20. Qd3 Nc7 21. Nde2
Rc8 22. Qd4 Qa5 23. Qb4 Qa6 24. Nd4 Bf8 25. Be2 Qa8 26. Qb6 Qa7 27. Qxa7+ Kxa7
28. Kb1 Kb6 29. f5 Ra8 30. Rhf1 Be7 31. Bc4 Rhg8 32. fxe6 fxe6 33. Bxe6 Bxe6
34. Nxe6 Rxg2 35. Nf4 Rg7 36. Nfd5+ Nxd5 37. Nxd5+ Kc6 38. Nxe7+ Rxe7 39. Rxf6
Rxe4 40. Rfxd6+ Kc7 41. Rd7+ Kc6 42. R1d6+ Kc5 43. Rh6 Rxh4 44. Rxb7 Ra5 45.
Rb4 Rh1+ 46. Ka2 Rh2 47. Rf4 Ra8 48. Rf5+ Kd4 49. c3+ Kd3 50. Rfxh5 Rxh5 51.
Rxh5 Kc2 52. Rh4 Ra5 53. Rb4 Kd3 54. Rd4+ Kc2 55. Rb4 Kd3 56. Kb1 Ra8 57. Rd4+
Ke3 58. Kc2 Ra7 59. Rh4 Ra8 60. c4 Rc8 61. Kc3 Rc7 62. Rh8 Rb7 63. Re8+ Kf4 64.
Ra8 Rb3+ 65. Kc2 Ke4 66. Rxa4 Rh3 67. Ra8 Kd4 68. Rc8 Rg3 69. a4 Rh3 70. a5 Rh5
71. a6 Ra5 72. Rc6 1-0

[Event "Monarch Assurance Isle of Man 14th"]
[Site "Port Erin IOM"]
[Date "2005.10.01"]
[Round "8.35"]
[White "Ashton, Adam"]
[Black "Fox, Anthony"]
[Result "1/2-1/2"]
[WhiteElo "2294"]
[BlackElo "2118"]
[PlyCount "80"]
[EventDate "2005.09.24"]
[EventType "swiss"]
[EventRounds "9"]
[EventCountry "IOM"]

1. e4 e5 2. Nf3 Nc6 3. Bb5 a6 4. Ba4 Nf6 5. O-O Be7 6. Re1 b5 7. Bb3 d6 8. c3
O-O 9. d4 Bg4 10. d5 Na5 11. Bc2 c6 12. h3 Bd7 13. Nxe5 dxe5 14. d6 Re8 15.
dxe7 Qxe7 16. Nd2 c5 17. Nf1 Rad8 18. Qf3 h6 19. Ne3 Nb7 20. a4 c4 21. axb5
axb5 22. Ra7 Nd6 23. Nf5 Nxf5 24. exf5 e4 25. Qg3 Kh8 26. Qh4 Kg8 27. Re3 Nd5
28. Qxe7 Rxe7 29. Rxe4 Rxe4 30. Bxe4 Nf6 31. Bc2 Bc6 32. Ra1 Be4 33. Bxe4 Rd1+
34. Kh2 Nxe4 35. Ra8+ Kh7 36. Be3 Rb1 37. Ra7 Kg8 38. Ra8+ Kh7 39. Ra7 Kg8 40.
Ra8+ Kh7 1/2-1/2

[Event "Monarch Assurance Isle of Man 14th"]
[Site "Port Erin IOM"]
[Date "2005.10.01"]
[Round "8.36"]
[White "Groffen, Hans"]
[Black "Adams, Phil"]
[Result "1/2-1/2"]
[WhiteElo "2210"]
[BlackElo "2138"]
[PlyCount "50"]
[EventDate "2005.09.24"]
[EventType "swiss"]
[EventRounds "9"]
[EventCountry "IOM"]

1. d4 Nf6 2. c4 e6 3. Nc3 Bb4 4. f3 d5 5. a3 Be7 6. e4 dxe4 7. fxe4 e5 8. d5
Bc5 9. Nf3 Bg4 10. h3 Bxf3 11. Qxf3 Nbd7 12. Bd2 O-O 13. O-O-O a5 14. g4 Qe7
15. Ne2 Bd4 16. g5 Ne8 17. Ng3 Nd6 18. Bd3 Nc5 19. Nh5 Kh8 20. h4 c6 21. Be1 b5
22. dxc6 bxc4 23. Bc2 Rab8 24. Rxd4 exd4 25. e5 Nb5 1/2-1/2

[Event "Monarch Assurance Isle of Man 14th"]
[Site "Port Erin IOM"]
[Date "2005.10.01"]
[Round "8.37"]
[White "Kirschbaum, Gunnar"]
[Black "Hickman, John"]
[Result "1-0"]
[WhiteElo "2204"]
[BlackElo "2115"]
[PlyCount "49"]
[EventDate "2005.09.24"]
[EventType "swiss"]
[EventRounds "9"]
[EventCountry "IOM"]

1. d4 d6 2. c4 e5 3. d5 f5 4. e4 Nf6 5. Nc3 Be7 6. Bd3 f4 7. g3 O-O 8. gxf4
exf4 9. Bxf4 Ng4 10. Bg3 Bh4 11. e5 Rxf2 12. Ne4 Rxb2 13. e6 Ne5 14. Nf3 Nxd3+
15. Qxd3 Bf6 16. O-O Na6 17. Nxf6+ Qxf6 18. Nd4 Qg6 19. Qc3 Rb4 20. Nf5 Qf6 21.
Bh4 Qg6+ 22. Kh1 Kh8 23. Rg1 Rxc4 24. Qxc4 Qxf5 25. Raf1 1-0

[Event "Monarch Assurance Isle of Man 14th"]
[Site "Port Erin IOM"]
[Date "2005.10.01"]
[Round "8.38"]
[White "Hutchinson, Norman A"]
[Black "Hughes, Howard R"]
[Result "0-1"]
[WhiteElo "2097"]
[BlackElo "2194"]
[PlyCount "92"]
[EventDate "2005.09.24"]
[EventType "swiss"]
[EventRounds "9"]
[EventCountry "IOM"]

1. e4 d5 2. exd5 Qxd5 3. Nc3 Qa5 4. Nf3 Nf6 5. Bc4 Nc6 6. O-O Bg4 7. h3 Bh5 8.
Be2 O-O-O 9. d3 e6 10. a3 Be7 11. Bd2 Bxf3 12. Bxf3 Nd4 13. Ne4 Qf5 14. Ng5 Nd5
15. Be4 Qf6 16. c3 Nc6 17. Nf3 e5 18. c4 Nf4 19. Bc3 Nd4 20. Nxd4 exd4 21. Bd2
Ne6 22. Qa4 Kb8 23. b4 c6 24. b5 Nc5 25. Qd1 Nxe4 26. dxe4 Qe6 27. bxc6 Qxc6
28. Qf3 Bf6 29. Rab1 Rd7 30. Qg3+ Ka8 31. e5 Be7 32. Qxg7 Rdd8 33. Qh6 Qxh6 34.
Bxh6 Bxa3 35. Rb3 Bc5 36. Rd1 Rhe8 37. Rf3 Rd7 38. Bg7 a5 39. Rf5 Re6 40. Rh5
a4 41. Rxh7 a3 42. Rh8+ Ka7 43. Ra1 d3 44. Bf8 Bxf8 45. Rxf8 d2 46. Rd1 a2 0-1

[Event "Monarch Assurance Isle of Man 14th"]
[Site "Port Erin IOM"]
[Date "2005.10.01"]
[Round "8.39"]
[White "Wademark, Helge"]
[Black "Fairbairn, Stephen"]
[Result "0-1"]
[WhiteElo "2182"]
[BlackElo "2065"]
[PlyCount "66"]
[EventDate "2005.09.24"]
[EventType "swiss"]
[EventRounds "9"]
[EventCountry "IOM"]

1. e4 d5 2. exd5 Qxd5 3. Nc3 Qa5 4. d4 Nf6 5. Nf3 c6 6. Bd3 Bg4 7. h3 Bh5 8.
Bd2 e6 9. Ne4 Qc7 10. Nxf6+ gxf6 11. Qe2 Nd7 12. O-O-O O-O-O 13. Kb1 Bd6 14. c4
c5 15. g4 Bg6 16. Ka1 Kb8 17. Bc3 cxd4 18. Nxd4 Bxd3 19. Qxd3 Ne5 20. Qe3 Nxc4
21. Qh6 Be5 22. Rhf1 Qb6 23. Nb3 Bxc3 24. Rxd8+ Rxd8 25. bxc3 Qd6 26. Qxh7 f5
27. Qh6 fxg4 28. hxg4 Qe5 29. Nd4 Rxd4 30. Qf8+ Kc7 31. Rb1 Rd7 32. Qb4 Qd5 33.
Qa4 a6 0-1

[Event "Monarch Assurance Isle of Man 14th"]
[Site "Port Erin IOM"]
[Date "2005.10.01"]
[Round "8.40"]
[White "Henderikse, Bert"]
[Black "Grant, Alan"]
[Result "1/2-1/2"]
[WhiteElo "2028"]
[BlackElo "2152"]
[PlyCount "80"]
[EventDate "2005.09.24"]
[EventType "swiss"]
[EventRounds "9"]
[EventCountry "IOM"]

1. d4 Nf6 2. Nf3 e6 3. c4 Bb4+ 4. Nbd2 O-O 5. a3 Bxd2+ 6. Bxd2 b6 7. Bg5 h6 8.
Bh4 Bb7 9. e3 d6 10. Bd3 Nbd7 11. O-O c5 12. Rc1 e5 13. Bf5 e4 14. Nd2 Qe8 15.
Bg3 Qe7 16. d5 g6 17. Bxd7 Nxd7 18. f3 exf3 19. Qxf3 Rae8 20. e4 Kg7 21. Qc3+
Ne5 22. Nf3 f6 23. Nxe5 fxe5 24. a4 Bc8 25. h3 Qg5 26. Rxf8 Rxf8 27. Rf1 Rxf1+
28. Kxf1 h5 29. Qe1 Qf6+ 30. Qf2 Bd7 31. b3 a6 32. Bh4 g5 33. Qxf6+ Kxf6 34.
Be1 b5 35. axb5 axb5 36. h4 b4 37. Ke2 Kg6 38. Kd2 Be8 39. Bf2 Kf6 40. Be1 Bd7
1/2-1/2

[Event "Monarch Assurance Isle of Man 14th"]
[Site "Port Erin IOM"]
[Date "2005.10.01"]
[Round "8.41"]
[White "Bennion, David A"]
[Black "Walther, Cliff"]
[Result "1-0"]
[WhiteElo "2074"]
[BlackElo "2175"]
[PlyCount "79"]
[EventDate "2005.09.24"]
[EventType "swiss"]
[EventRounds "9"]
[EventCountry "IOM"]

1. e4 c5 2. Nf3 e6 3. d4 cxd4 4. Nxd4 Nc6 5. Nc3 a6 6. Be3 Nf6 7. Nxc6 bxc6 8.
e5 Nd5 9. Nxd5 cxd5 10. Qd4 Qa5+ 11. c3 Rb8 12. b4 Qc7 13. Bd3 g6 14. O-O Bg7
15. Rac1 Bxe5 16. Bf4 d6 17. Qe3 Bg7 18. Bh6 O-O 19. Bxg7 Kxg7 20. c4 dxc4 21.
Rxc4 Qe7 22. Rfc1 d5 23. Rc6 Qxb4 24. h4 Bb7 25. Qe5+ Kg8 26. Rb1 Qd2 27. Rc3
Rbc8 28. Rxc8 Bxc8 29. Bf1 f6 30. Qd6 Qc3 31. Rb8 Qe5 32. Qb4 a5 33. Qb6 Kg7
34. Ra8 Qe1 35. Qc7+ Rf7 36. Qxc8 d4 37. Qh8+ Kh6 38. Qg8 Rc7 39. Qf8+ Kh5 40.
Qxf6 1-0

[Event "Monarch Assurance Isle of Man 14th"]
[Site "Port Erin IOM"]
[Date "2005.10.01"]
[Round "8.42"]
[White "Ruston, Mark"]
[Black "Spanton, Tim"]
[Result "1-0"]
[WhiteElo "2116"]
[BlackElo "2032"]
[PlyCount "79"]
[EventDate "2005.09.24"]
[EventType "swiss"]
[EventRounds "9"]
[EventCountry "IOM"]

1. e4 c5 2. Nc3 Nc6 3. g3 g6 4. Bg2 Bg7 5. d3 Rb8 6. Be3 d6 7. Qd2 b5 8. f4 b4
9. Nd1 Bg4 10. e5 Nd4 11. Nf2 Be6 12. Ne4 Qc7 13. Nf3 Nf5 14. Bf2 h5 15. exd6
exd6 16. O-O Nf6 17. Neg5 O-O 18. Nxe6 fxe6 19. Ng5 Rbe8 20. h3 Bh6 21. a3 a5
22. axb4 axb4 23. Ra6 Bxg5 24. fxg5 Nd5 25. c4 bxc3 26. bxc3 Rb8 27. Re1 Rfe8
28. Rxe6 Rb1+ 29. Kh2 Rxe6 30. Bxd5 Kg7 31. Qa2 Qb8 32. Bxe6 Rb2 33. Ra7+ Ne7
34. Rxe7+ Kh8 35. Re8+ Qxe8 36. Qxb2 Qxe6 37. Qb8+ Kg7 38. Qc7+ Kf8 39. Qd8+
Kg7 40. Qf6+ 1-0

[Event "Monarch Assurance Isle of Man 14th"]
[Site "Port Erin IOM"]
[Date "2005.10.01"]
[Round "8.44"]
[White "Marks, Ian A"]
[Black "Nicholson, John"]
[Result "1/2-1/2"]
[WhiteElo "1889"]
[BlackElo "2000"]
[PlyCount "26"]
[EventDate "2005.09.24"]
[EventType "swiss"]
[EventRounds "9"]
[EventCountry "IOM"]

1. e4 c5 2. Nf3 e6 3. Nc3 a6 4. d3 Nc6 5. g3 Nf6 6. Bg2 d5 7. Qe2 d4 8. Nb1 Be7
9. O-O O-O 10. a4 Rb8 11. Nh4 Ne8 12. Nf3 Nf6 13. Nh4 Ne8 1/2-1/2

[Event "Monarch Assurance Isle of Man 14th"]
[Site "Port Erin IOM"]
[Date "2005.10.01"]
[Round "8.45"]
[White "Fox, Pierre"]
[Black "Martin, Katie"]
[Result "1-0"]
[WhiteElo "1815"]
[BlackElo "1953"]
[PlyCount "123"]
[EventDate "2005.09.24"]
[EventType "swiss"]
[EventRounds "9"]
[EventCountry "IOM"]

1. c4 Nf6 2. Nf3 g6 3. Nc3 d6 4. e4 c5 5. d4 cxd4 6. Nxd4 Bg7 7. Be2 O-O 8. Be3
Nc6 9. O-O Nd7 10. Nd5 Nc5 11. f3 Rb8 12. Qd2 a5 13. Nb5 b6 14. Rad1 Ba6 15.
Nbc3 Rb7 16. b3 e6 17. Nf4 Rd7 18. Nh3 Qf6 19. Rc1 Qe7 20. Bh6 Rfd8 21. Bxg7
Kxg7 22. Rce1 Bb7 23. f4 f5 24. exf5 exf5 25. Nd5 Qf8 26. Qc3+ Kh6 27. Ng5 Qh8
28. Nf6 Re7 29. Qh3+ Kg7 30. Ngxh7 Ne4 31. Nxe4 Qxh7 32. Qc3+ Kf8 33. Ng5 Qg7
34. Qxg7+ Kxg7 35. Bf3 Rde8 36. Rxe7+ Rxe7 37. Rd1 Rd7 38. Bd5 Nd8 39. Bxb7
Nxb7 40. Rd5 Nc5 41. Kf2 Kf6 42. Kf3 Rd8 43. g4 fxg4+ 44. Kxg4 Rd7 45. h4 Rd8
46. Nf3 Ne4 47. Rb5 Rb8 48. a3 Nc3 49. Rg5 b5 50. f5 gxf5+ 51. Rxf5+ Kg6 52.
h5+ Kg7 53. Kg5 bxc4 54. h6+ Kh7 55. bxc4 Ne4+ 56. Kf4 Nc3 57. Rf6 d5 58. Ng5+
Kh8 59. Rf7 dxc4 60. Rg7 Ne2+ 61. Kg4 Rf8 62. Nf7+ 1-0

[Event "Monarch Assurance Isle of Man 14th"]
[Site "Port Erin IOM"]
[Date "2005.10.01"]
[Round "8.46"]
[White "Young, Mel"]
[Black "McKenzie, Mark"]
[Result "1-0"]
[WhiteElo "1971"]
[BlackElo "1249"]
[PlyCount "37"]
[EventDate "2005.09.24"]
[EventType "swiss"]
[EventRounds "9"]
[EventCountry "IOM"]

1. e4 e5 2. Bc4 Nf6 3. d3 Nc6 4. Nc3 Be7 5. f4 d6 6. f5 O-O 7. a3 Na5 8. Ba2 c5
9. Be3 Nc6 10. Nh3 Nd4 11. O-O Nd7 12. Nd5 Bh4 13. c3 Nc6 14. Qg4 Be7 15. Bh6
g6 16. fxg6 hxg6 17. Rxf7 g5 18. Nxe7+ Nxe7 19. Qxg5+ 1-0

[Event "Monarch Assurance Isle of Man 14th"]
[Site "Port Erin IOM"]
[Date "2005.10.02"]
[Round "9.1"]
[White "Ikonnikov, Vyacheslav"]
[Black "Areshchenko, Alexander"]
[Result "1/2-1/2"]
[WhiteElo "2560"]
[BlackElo "2625"]
[PlyCount "20"]
[EventDate "2005.09.24"]
[EventType "swiss"]
[EventRounds "9"]
[EventCountry "IOM"]

1. d4 Nf6 2. Nf3 g6 3. c4 Bg7 4. Nc3 d6 5. e4 O-O 6. Be2 e5 7. O-O Na6 8. Be3
h6 9. dxe5 Ng4 10. Bf4 Nxe5 1/2-1/2

[Event "Monarch Assurance Isle of Man 14th"]
[Site "Port Erin IOM"]
[Date "2005.10.02"]
[Round "9.3"]
[White "Kobalia, Mikhail"]
[Black "Kritz, Leonid"]
[Result "1-0"]
[WhiteElo "2614"]
[BlackElo "2544"]
[PlyCount "151"]
[EventDate "2005.09.24"]
[EventType "swiss"]
[EventRounds "9"]
[EventCountry "IOM"]

1. e4 e5 2. Bc4 Nc6 3. Nf3 Bc5 4. c3 Nf6 5. d3 a6 6. Bb3 Ba7 7. h3 h6 8. Nbd2
d6 9. Nf1 Ne7 10. Ng3 Ng6 11. O-O O-O 12. Re1 Nh7 13. d4 Nh4 14. Be3 Nxf3+ 15.
Qxf3 Qf6 16. Qxf6 Nxf6 17. Rad1 Re8 18. f4 exf4 19. Bxf4 Be6 20. Bc2 Rac8 21.
Rf1 Nh7 22. a3 Nf8 23. Nf5 d5 24. exd5 Bxd5 25. b4 Ng6 26. Bg3 Re2 27. Rf2 Rxc2
28. Rxc2 Bb3 29. Rdd2 Bxc2 30. Rxc2 Kf8 31. Re2 b5 32. a4 Bb6 33. a5 Ba7 34.
Kf2 Bb8 35. h4 h5 36. Kf3 Rd8 37. Bh2 c6 38. Bxb8 Rxb8 39. g4 hxg4+ 40. Kxg4
Rd8 41. h5 Nh8 42. Re5 g6 43. hxg6 Nxg6 44. Rc5 Rc8 45. Nd6 Rc7 46. Rf5 Rd7 47.
Rf6 Ke7 48. Ne4 Rc7 49. Kf5 Ke8 50. Nd6+ Kf8 51. Nxf7 Ne7+ 52. Ke5 Nd5 53. Nd8+
Nxf6 54. Ne6+ Ke7 55. Nxc7 Nd7+ 56. Kf5 Nb8 57. Na8 Nd7 58. Nc7 Nb8 59. Ne6 Kd6
60. Nc5 Kd5 61. Kf6 Kc4 62. Ne4 Kd5 63. Nd2 c5 64. dxc5 Nd7+ 65. Ke7 Nxc5 66.
bxc5 Kxc5 67. Kd7 b4 68. c4 Kd4 69. Kc6 Kd3 70. Kc5 Kc3 71. Ne4+ Kb3 72. Nf2
Kc3 73. Nd1+ Kb3 74. Kd5 Kc2 75. c5 b3 76. Kc4 1-0

[Event "Monarch Assurance Isle of Man 14th"]
[Site "Port Erin IOM"]
[Date "2005.10.02"]
[Round "9.4"]
[White "Epishin, Vladimir"]
[Black "Kuzubov, Yuriy"]
[Result "1/2-1/2"]
[WhiteElo "2600"]
[BlackElo "2535"]
[PlyCount "75"]
[EventDate "2005.09.24"]
[EventType "swiss"]
[EventRounds "9"]
[EventCountry "IOM"]

1. d4 d5 2. c4 c6 3. Nf3 Nf6 4. e3 e6 5. Bd3 Bd6 6. Nc3 Nbd7 7. O-O O-O 8. e4
e5 9. cxd5 cxd5 10. Bg5 exd4 11. Nxd5 h6 12. Nxf6+ Nxf6 13. Bxf6 Qxf6 14. h3
Re8 {(=)} 15. Re1 Bd7 16. Qb3 Bc6 17. Rad1 Rad8 18. Bc2 Bc7 19. Qd3 g6 20. Bb3
Kg7 21. Re2 Re7 22. Rde1 Rde8 23. Bd5 Bxd5 24. exd5 Rxe2 25. Rxe2 Rxe2 26. Qxe2
d3 27. Qd2 Bb6 28. Kf1 Qf5 29. b3 Qxd5 30. Ne1 Qd4 31. Nxd3 h5 32. Qc2 g5 33.
Ke2 Qe4+ 34. Kf1 g4 35. hxg4 hxg4 36. Qe2 Qxe2+ 37. Kxe2 Kf6 38. f3 1/2-1/2

[Event "Monarch Assurance Isle of Man 14th"]
[Site "Port Erin IOM"]
[Date "2005.10.02"]
[Round "9.5"]
[White "Wells, Peter"]
[Black "Galkin, Alexander"]
[Result "0-1"]
[WhiteElo "2529"]
[BlackElo "2598"]
[PlyCount "72"]
[EventDate "2005.09.24"]
[EventType "swiss"]
[EventRounds "9"]
[EventCountry "IOM"]

1. d4 d5 2. c4 e6 3. Nc3 c6 4. e3 Nf6 5. Nf3 Nbd7 6. Bd3 dxc4 7. Bxc4 b5 8. Be2
Bb7 9. O-O a6 10. e4 c5 11. e5 Nd5 12. a4 b4 13. Ne4 Qc7 14. Re1 h6 15. b3 Rd8
16. Bb2 Nc3 17. Nxc3 bxc3 18. Bxc3 cxd4 19. Bxd4 Bb4 20. Qc1 Qa5 21. Rd1 Bxf3
22. Bxf3 Nxe5 23. Bc6+ Ke7 24. Bb7 Rd6 25. Qc2 Rhd8 26. Be3 Ng4 27. Bf4 Rxd1+
28. Rxd1 Rxd1+ 29. Qxd1 Nxf2 30. Qc2 Nh3+ 31. gxh3 Qb6+ 32. Be3 Qxe3+ 33. Kg2
a5 34. Qc7+ Kf6 35. Qd8+ Kg6 36. Qd1 Qd2+ 0-1

[Event "Monarch Assurance Isle of Man 14th"]
[Site "Port Erin IOM"]
[Date "2005.10.02"]
[Round "9.6"]
[White "Lalic, Bogdan"]
[Black "Korneev, Oleg"]
[Result "0-1"]
[WhiteElo "2491"]
[BlackElo "2594"]
[PlyCount "59"]
[EventDate "2005.09.24"]
[EventType "swiss"]
[EventRounds "9"]
[EventCountry "IOM"]

1. d4 d5 2. c4 e6 3. Nf3 Nf6 4. Nc3 c6 5. e3 Nbd7 6. Qc2 Bd6 7. g4 dxc4 8. Bxc4
Nd5 9. Ne4 Be7 10. Bd2 b6 11. O-O-O Bb7 12. Ne5 a5 13. Kb1 f6 14. Nxd7 Qxd7 15.
h4 O-O-O 16. a3 Kb8 17. Rhg1 Rhe8 18. Ka2 Bf8 19. h5 h6 20. Rc1 e5 21. dxe5
Rxe5 22. f3 Ree8 23. Bxd5 cxd5 24. Ng3 Rc8 25. Qf5 Qa4 26. Qf4+ Qxf4 27. exf4
Bc5 28. Rge1 Bf2 29. Rxe8 Rxe8 30. Nf5 {time?} 0-1

[Event "Monarch Assurance Isle of Man 14th"]
[Site "Port Erin IOM"]
[Date "2005.10.02"]
[Round "9.7"]
[White "Neubauer, Martin"]
[Black "David, Alberto"]
[Result "1/2-1/2"]
[WhiteElo "2468"]
[BlackElo "2579"]
[PlyCount "77"]
[EventDate "2005.09.24"]
[EventType "swiss"]
[EventRounds "9"]
[EventCountry "IOM"]

1. e4 c6 2. d4 d5 3. exd5 cxd5 4. c4 Nf6 5. Nc3 g6 6. Qb3 Bg7 7. cxd5 O-O 8. g3
Na6 9. Bg2 Qb6 10. Qxb6 axb6 11. Nge2 Nb4 12. O-O Rd8 13. d6 Rxd6 14. Bf4 Rd7
15. Be5 Nfd5 16. a3 Nxc3 17. Nxc3 Nc2 18. Rad1 Ra5 19. Bxg7 Kxg7 20. d5 Rc7 21.
d6 exd6 22. Nd5 Rc6 23. Ne7 Rc7 24. Nxc8 Rxc8 25. Rxd6 Rb5 26. Bxb7 Rc7 27. Be4
Rxb2 28. Rc1 Rc5 29. Rxc2 Rcxc2 30. Bxc2 Rxc2 31. Rxb6 Ra2 32. Rb3 h5 33. h4 f6
34. f4 g5 35. fxg5 fxg5 36. hxg5 Kg6 37. Kf1 Kxg5 38. Ke1 Kg4 39. Kf1 1/2-1/2